| 000 | 00511nam a22001932 4500 | ||
|---|---|---|---|
| 001 | 0000004139 | ||
| 005 | 20170406115606.0 | ||
| 008 | 140818s xx 000 0 eng d | ||
| 020 | _c$ | ||
| 040 |
_aYour Holding Symbol _cYour Holding Symbol |
||
| 100 | 1 | _aSullivan,Nancy. | |
| 245 | 1 | 4 | _aThe treasury of American Poetry. |
| 250 | _a ed. | ||
| 260 |
_aNew york : _bDorest press, _c1978. |
||
| 300 |
_a838 p. ; _c cm. |
||
| 504 | _aindex. | ||
| 650 | 0 | _aamerican poetry. | |
| 908 | _a140818 | ||
| 999 |
_c3980 _d3980 |
||